000 01019nam a2200265Ia 4500
003 OSt
005 20221005113158.0
006 a|||||r|||| 00| 0
007 ta
008 221004b |||||||| |||| 00| 0 pan d
020 _c200
024 _a117223
037 _b609, 17/02/2012, H.K. Prakashan
_cTextual
040 _aCRL
_cCRL
_bpan
041 _2pan
_apan
082 _aQ8441xK33:g, 153Q0
100 _aਅਮਰਜੀਤ ਸਿੰਘ, ਅਮਰ, ਥਦ।
_9624456
245 0 _aਭਾਈ ਨੰਦ ਲਾਲ ਗੋਯਾ
_b ਜੀਵਨ, ਚੇਤਨਾ ਤੇ ਕਾਵਿ ਉਸਤਤ
260 _aਨਵੀ੍ਵ
_bਦਿੱਲੀ ਭਾਈ ਨੰਦ ਲਾਲ ਚੈਰਿਟੇਬਲ ਟਰੱਸਟ ਭਾਰਤ
_c2010
300 _a114ਪੰ
_ccm.
650 _a ਧOਰੁ Fਸੱਢ
650 _aਧਰਮ
942 _hQ8441xK33:g, 153Q0
_cTEXL
_2cc
999 _c1027307
_d1027307